| 000 | 00366nam a2200121Ia 4500 | ||
|---|---|---|---|
| 008 | 220901s9999||||xx |||||||||||||| ||und|| | ||
| 082 | _a004.22 PER | ||
| 100 | _aPerberry, Ian | ||
| 245 | 0 | _aACM SIGACT: algorithms and computation theory | |
| 250 | _aVol, 36 Issue No. 1 & 2 | ||
| 260 |
_bACM(Association Computing Machinery) _c2005 |
||
| 650 | _aComputer Architecture | ||
| 999 |
_c193276 _d193276 |
||